| 000 | 01008nam a22002537a 4500 | ||
|---|---|---|---|
| 005 | 20170123164200.0 | ||
| 010 | _aA-824186 | ||
| 020 | _c50.00 | ||
| 035 | _aA-824186 | ||
| 037 | _bCen Lib/Ret | ||
| 040 |
_aDPL _bPN |
||
| 082 |
_aਕ _bਅਗਨੀ |
||
| 100 |
_aਅਗਨੀਹੋਤਰੀ, ਜੋਗਿੰਦਰ ਕੌਰ _960664 |
||
| 245 |
_aਵਸਣ ਸ਼ਰੀਕੇ ਦਾ : _cਜੋਗਿੰਦਰ ਕੌਰ ਅਗਨੀਹੋਤਰੀ _bਕਹਾਣੀਆਂ / |
||
| 246 |
_aWasan shareeke da : short stories / _bby Joginder Kaur Agnihotri |
||
| 260 |
_aਮਾਨਸਾ _bਉਡਾਨ ਪਬਲੀਕੇਸ਼ਨਜ਼ _c1996 |
||
| 270 |
_bਮਾਨਸਾ _aਵਾਟਰ ਵਰਕਸ ਰੋਡ _e151505 |
||
| 300 |
_a103p ; _c20cm |
||
| 650 |
_aਪੰਜਾਬੀ --ਸਾਹਿਤ _9133718 |
||
| 650 |
_aਪੰਜਾਬੀ-- ਕਹਾਣੀਆਂ _9133719 |
||
| 650 |
_aliterature--Punjabi _9133720 |
||
| 650 |
_aPunjabi - story _9133721 |
||
| 942 |
_2ddc _cPN _hਕ _mਅਗਨੀ |
||
| 999 |
_c111033 _d111033 |
||